Statistics for Types of Palm Tree

Click here to take the quiz!

General Stats

  • This quiz has been taken 35 times
  • The average score is 4 of 32

Answer Stats

HintAnswer% Correct
Coconut
73%
Mexican
40%
Royal
37%
Queen
33%
Chinese Fan
23%
Sabal
23%
Washington
20%
Canary Island Date
17%
Christmas
17%
Areca
13%
Foxtail
13%
Sago
13%
Bismarck
10%
Dwarf
7%
European Fan
7%
Fishtail
7%
Pindo
7%
Alexander
3%
Majestic
3%
Sylvester
3%
Traveller's
3%
Triangle
3%
Blue Hesper
0%
Chusan
0%
Edible Date
0%
Guadalupe
0%
Indian Date
0%
Montgomery
0%
Paurotis
0%
Pigmy Date
0%
Senegal Date
0%
Tiger
0%

Score Distribution

Percentile by Number Answered

Percent of People with Each Score

Your Score History

You have not taken this quiz